Top 100 Most Popular Songs (2000–2010) - Statistics

General Stats
  • This quiz has been taken 35 times
    30 since last reset
  • The average score is 38 of 100
Answer Stats
Rank Songs Artist % Correct
5 Hey Ya! OutKast
76%
7 Hips Don’t Lie Shakira ft. Wyclef Jean
72%
1 Umbrella Rihanna ft. Jay-Z
72%
11 Crazy Gnarls Barkley
68%
100 Crazy Aerosmith
68%
16 Mr. Brightside The Killers
68%
69 Rehab Amy Winehouse
64%
10 Toxic Britney Spears
64%
48 Bring Me to Life Evanescence
60%
2 Crazy in Love Beyoncé ft. Jay-Z
60%
29 Hollaback Girl Gwen Stefani
60%
85 I Kissed a Girl Katy Perry
60%
46 In the End Linkin Park
60%
22 Poker Face Lady Gaga
60%
3 Yeah! Usher ft. Lil Jon & Ludacris
60%
27 Complicated Avril Lavigne
56%
64 Fireflies Owl City
56%
6 In da Club 50 Cent
56%
45 Numb Linkin Park
56%
9 Since U Been Gone Kelly Clarkson
56%
24 Single Ladies (Put a Ring on It) Beyoncé
56%
18 Viva La Vida Coldplay
56%
26 Beautiful Christina Aguilera
52%
15 Boulevard of Broken Dreams Green Day
52%
72 Empire State of Mind Jay-Z ft. Alicia Keys
52%
4 Lose Yourself Eminem
52%
70 Back to Black Amy Winehouse
48%
99 Bye Bye Bye NSYNC
48%
8 Gold Digger Kanye West ft. Jamie Foxx
48%
19 Seven Nation Army The White Stripes
48%
51 SexyBack Justin Timberlake
48%
79 Bad Day Daniel Powter
44%
50 Clint Eastwood Gorillaz
44%
17 Clocks Coldplay
44%
88 Girlfriend Avril Lavigne
44%
60 Low Flo Rida ft. T-Pain
44%
43 The Real Slim Shady Eminem
44%
77 Beautiful Day U2
40%
35 Bleeding Love Leona Lewis
40%
13 Drop It Like It’s Hot Snoop Dogg ft. Pharrell Williams
40%
86 Hot n Cold Katy Perry
40%
20 I Gotta Feeling Black Eyed Peas
40%
25 Irreplaceable Beyoncé
40%
23 Just Dance Lady Gaga ft. Colby O'Donis
40%
98 Oops!... I Did It Again Britney Spears
40%
66 Sex on Fire Kings of Leon
40%
40 SOS Rihanna
40%
81 Unwritten Natasha Bedingfield
40%
71 Valerie Amy Winehouse
40%
90 Waka Waka Shakira
40%
89 Whenever, Wherever Shakira
40%
42 Without Me Eminem
40%
67 American Boy Estelle ft. Kanye West
36%
49 Feel Good Inc. Gorillaz
36%
21 Hey, Soul Sister Train
36%
12 Hot in Herre Nelly
36%
55 No One Alicia Keys
36%
87 Teenage Dream Katy Perry
36%
30 The Sweet Escape Gwen Stefani
36%
62 Whatcha Say Jason Derulo
36%
36 Apologize OneRepublic
32%
56 Fallin’ Alicia Keys
32%
95 Gasolina Daddy Yankee
32%
14 Ms. Jackson OutKast
32%
53 Rock Your Body Justin Timberlake
32%
83 So What Pink
32%
65 Use Somebody Kings of Leon
32%
58 Burn Usher
28%
52 Cry Me a River Justin Timberlake
28%
74 Heartless Kanye West
28%
38 Pon de Replay Rihanna
28%
73 Stronger Kanye West
28%
80 You’re Beautiful James Blunt
28%
37 Disturbia Rihanna
24%
59 DJ Got Us Fallin’ in Love Usher ft. Pitbull
24%
76 Jesus Walks Kanye West
24%
68 Mercy Duffy
24%
44 Mockingbird Eminem
24%
54 My Love Justin Timberlake
24%
63 Replay Iyaz
24%
92 Temperature Sean Paul
24%
78 Vertigo U2
24%
75 Good Life Kanye West
20%
61 Right Round Flo Rida
20%
33 Run It! Chris Brown
20%
41 Stan Eminem
20%
39 Take a Bow Rihanna
20%
57 If I Ain’t Got You Alicia Keys
16%
91 La Tortura Shakira ft. Alejandro Sanz
16%
47 What I’ve Done Linkin Park
16%
93 Get Busy Sean Paul
12%
84 Get the Party Started Pink
12%
97 Party Up DMX
12%
31 Yeah 3x Chris Brown
12%
28 You Rock My World Michael jackson
12%
32 Forever Chris Brown
8%
82 Pocketful of Sunshine Natasha Bedingfield
8%
34 With You Chris Brown
8%
94 Turn Me On Kevin Lyttler
4%
96 Pon de Floor Major Lazer
0%
No matching quizzes found
Score Distribution
Percent of People with Each Score
Percentile by Number Answered
Your Score History
You have not taken this quiz since the last reset